Improving financial sector performance in Kenya : (Record no. 2725)

MARC details
000 -LEADER
fixed length control field 01275cam a22003254a 4500
001 - CONTROL NUMBER
control field 14637536
003 - CONTROL NUMBER IDENTIFIER
control field OSt
005 - DATE AND TIME OF LATEST TRANSACTION
control field 20230626132426.0
008 - FIXED-LENGTH DATA ELEMENTS--GENERAL INFORMATION
fixed length control field 061117s2006 ke a b 101 0 eng
010 ## - LIBRARY OF CONGRESS CONTROL NUMBER
LC control number 2006317319
020 ## - INTERNATIONAL STANDARD BOOK NUMBER
International Standard Book Number 9966812032
040 ## - CATALOGING SOURCE
Original cataloging agency DLC
Transcribing agency DLC
Modifying agency DLC
042 ## - AUTHENTICATION CODE
Authentication code lcode
043 ## - GEOGRAPHIC AREA CODE
Geographic area code f-ke---
050 00 - LIBRARY OF CONGRESS CALL NUMBER
Classification number HG187.5.K4
Item number F56 2006
082 ## - DEWEY DECIMAL CLASSIFICATION NUMBER
Classification number 332
Item number MAS
111 2# - MAIN ENTRY--MEETING NAME
Meeting name or jurisdiction name as entry element Financial Sector Reforms Forum
Number of part/section/meeting (1st :
Date of meeting 2006 :
Location of meeting Mombasa, Kenya)
245 10 - TITLE STATEMENT
Title Improving financial sector performance in Kenya :
Remainder of title proceedings of the First Financial Sector Reforms Forum, Mombasa, Kenya, 15-17 April, 2004 /
Statement of responsibility, etc. edited by Wafula S. Masai, Andrew K. Mullei.
260 ## - PUBLICATION, DISTRIBUTION, ETC. (IMPRINT)
Place of publication, distribution, etc. Nairobi, Kenya :
Name of publisher, distributor, etc. African Centre for Economic Growth,
Date of publication, distribution, etc. c2006.
300 ## - PHYSICAL DESCRIPTION
Extent xvi, 227 p. :
Other physical details ill. (some col.) ;
Dimensions 25 cm.
504 ## - BIBLIOGRAPHY, ETC. NOTE
Bibliography, etc Includes bibliographical references and index.
650 #0 - SUBJECT ADDED ENTRY--TOPICAL TERM
Topical term or geographic name as entry element Financial institutions
Geographic subdivision Kenya
Form subdivision Congresses.
700 1# - ADDED ENTRY--PERSONAL NAME
Personal name Masai, Wafula S.
700 1# - ADDED ENTRY--PERSONAL NAME
Personal name Mullei, Andrew.
710 2# - ADDED ENTRY--CORPORATE NAME
Corporate name or jurisdiction name as entry element African Centre for Economic Growth.
856 41 - ELECTRONIC LOCATION AND ACCESS
Materials specified Table of contents only
Uniform Resource Identifier <a href="http://www.loc.gov/catdir/toc/fy0703/2006317319.html">http://www.loc.gov/catdir/toc/fy0703/2006317319.html</a>
906 ## - LOCAL DATA ELEMENT F, LDF (RLIN)
a 7
b cbc
c origode
d 3
e ncip
f 20
g y-gencatlg
942 ## - ADDED ENTRY ELEMENTS (KOHA)
Source of classification or shelving scheme Dewey Decimal Classification
Koha item type Books
Holdings
Withdrawn status Lost status Source of classification or shelving scheme Damaged status Not for loan Home library Current library Date acquired Total Checkouts Full call number Barcode Date last seen Price effective from Koha item type
    Dewey Decimal Classification     County Hall Archives County Hall Archives 06/26/2023   332 MAS 10006669 06/26/2023 06/26/2023 Books
LIBRARY OPENING HOURS

When the Parliament is sitting: 8.00a.m - 7.00p.m or until the house adjourns
Mondays and Fridays and when the House is on Recess:  8.00a.m - 5.00p.m
Closed on Weekends and Public Holidays

Online Public Access Catalog (OPAC)
Website: http://www.parliament.go.ke
Bunge Library: https://libraryir.parliament.go.ke
Contact: library@parliament.go.ke | Tel no: (254-2)2221291 or 2848000 Ext 5043